| 000 | 00741nam a2200205Ia 4500 | ||
|---|---|---|---|
| 003 | GCL | ||
| 008 | 140319s9999 xx 000 0 ara d | ||
| 040 |
_aGCL / _cGCL |
||
| 082 | 0 | 4 |
_a246 _bا ف |
| 100 | 1 | _aاحمد محمود صبحى | |
| 245 | 1 | 0 |
_aفى علم الكلام: دراسة فلسفية لاراء الفرق الاسلامية فى اصول الدين -1 المعتزلة -2 الاشاعرة / _cاحمد محمود صبحى |
| 260 |
_a[S.N] : _bمؤسسة الثقافةالجامعية للطبع والنشر ، _c1992 |
||
| 300 | _a354 ص | ||
| 490 | _a | ||
| 650 | 0 | 4 | _aالفقه الاسلامى |
| 650 | 0 | 4 | _aالاشاعرة |
| 650 | 0 | 4 | _aالمعتزلة |
| 650 | 0 | 4 | _aعلم الكلام |
| 942 |
_2ddc _cBK |
||
| 999 |
_c54460 _d54460 |
||